000 03709cam a2200481 i 4500
001 120431
005 20230410103643.0
008 141105s2015 nyub 000 0 eng
035 _a18361765
010 _a 2014031709
020 _a9780385536332 (hardcover)
020 _z9780385536349 (ebook)
040 _aDLC
_beng
_erda
_cDLC
_dDLC
042 _apcc
043 _ae------
050 1 4 _a300 D 2024
_bF911f 2015
082 0 0 _a940.56/12
084 _aBUS035000
_2bisacsh
100 1 _aFriedman, George.
245 1 0 _aFlashpoints :
_bthe emerging crisis in Europe /
_cGeorge Friedman.
246 3 _aFlash points
250 _aFirst edition.
264 1 _aNew York :
_bDoubleday,
_c[2015].
300 _axxii, 258 pages :
_bmaps ;
_c25 cm.
336 _atext
_btxt
_2rdacontent
337 _aunmediated
_bn
_2rdamedia
338 _avolume
_bnc
_2rdacarrier
520 2 _a"A major new book by New York Times bestselling author and geopolitical forecaster George Friedman (The Next 100 Years, The Next Decade) with a bold thesis about coming conflict in the world, this provocative work examines the geopolitical flashpoints--particularly in Europe--in which imminent future conflicts are brewing. George Friedman has forecasted the coming trends (politics, technology, population, and culture) of the next century in The Next 100 Years, and focused his predictions on the coming ten years in The Next Decade. Now, in Flashpoints, Friedman zooms in on the region that has, for five hundred years, been the cultural hotbed of the world--Europe--and examines the most basic and fascinating building block of the region: culture. Analyzing the fault lines that have existed for centuries--and which have led to two world wars and dozens more conflicts--Friedman walks us through the 'flashpoints' that are still smoldering beneath the surface and are on course to erupt again. In Flashpoints, George Friedman begins with a fascinating history of the events leading up to the horrific wars that nearly tore apart Western civilization--killing over 100 million people on the 'civilized' European continent. Modern-day Europe, and the formation of the European Union, were designed to minimize the built-in geopolitical tensions that led to catastrophic war, but as Friedman shows with a mix of history and cultural analysis, those plans have failed. 'Flashpoints' are now simmering as dangerously as in the early twentieth century. Zeroing in on half a dozen locations, borderlands, and cultural dynamics, George Friedman does what few historians can--he explains precisely how certain trends are unstoppable, and what the future holds, both in terms of conflict and also opportunity. Flashpoints also explains in riveting detail how events in Europe will affect the rest of the world--from the United States to Russia, from China to Latin America. Continuing in his bestselling tradition, he reveals a geopolitical landscape that is at once a scintillating history lesson and a forecast for the coming years"--
_cProvided by publisher.
650 4 _a20151000
651 4 _aEuropa
_xCondiciones sociales
_ySiglo XXI.
651 4 _aGeopolítica
_zEuropa.
651 0 _aEurope
_xPolitics and government
_y21st century
_xForecasting.
651 0 _aEurope
_xSocial conditions
_y21st century
_xForecasting.
650 0 _aGeopolitics
_zEurope
_xForecasting.
650 0 _aPolitics and culture
_zEurope
_xForecasting.
650 0 _aCulture conflict
_zEurope
_xForecasting.
650 0 _aSocial prediction
_zEurope.
651 0 _aEurope
_xHistory.
650 7 _aBUSINESS & ECONOMICS / International / General.
_2bisacsh
856 4 2 _3Cover image
_u9780385536332.jpg
942 _2lcc
_cbk
946 _aJaaM
999 _c23282
_d23282